Peranan pendidikan akhlak Islam dalam membangun peribadi, masyarakat dan budaya manusia

Bibliographic Details
Main Author: Yaljan, Muqdad (Author)
Other Authors: Tajuddin Nur (Translator)
Format: Book
Published: Kuala Lumpur : Pustaka Antara , 1986
Subjects:

MARC

LEADER 00000cam a2200000 7i4500
001 0000007315
005 20210511093000.0
008 021119n
020 |a 9679370461 
090 0 0 |a LC905.M6   |b Y3 
100 0 |a Yaljan, Muqdad ,   |e author 
245 1 0 |a Peranan pendidikan akhlak Islam dalam membangun peribadi, masyarakat dan budaya manusia   |c oleh Muqdad Yaljan; alihbahasa Tajuddin Nur 
260 2 |a Kuala Lumpur :   |b Pustaka Antara ,   |c 1986 
300 |a 147 ms. ; ;   |c 21 sm. 
504 |a mengandungi bibliografi (ms. 145) 
650 0 |a Moral education   |x Religious aspects   |x Islam 
700 0 |a Tajuddin Nur ,   |e translator 
999 |a 1000032825   |b Book   |c OPEN SHELF (30 DAYS)   |e Gong Badak Campus